<?xml version="1.0" encoding="UTF-8"?>
<record
    xmlns:xsi="http://www.w3.org/2001/XMLSchema-instance"
    xsi:schemaLocation="http://www.loc.gov/MARC21/slim http://www.loc.gov/standards/marcxml/schema/MARC21slim.xsd"
    xmlns="http://www.loc.gov/MARC21/slim">

  <leader>00948cam a22002294a 4500</leader>
  <datafield tag="999" ind1=" " ind2=" ">
    <subfield code="c">58115</subfield>
    <subfield code="d">58115</subfield>
  </datafield>
  <controlfield tag="001">15182969</controlfield>
  <controlfield tag="005">20210624121411.0</controlfield>
  <controlfield tag="008">080215s2008    cau      b    001 0 eng  </controlfield>
  <datafield tag="020" ind1=" " ind2=" ">
    <subfield code="a">9780470189702  </subfield>
  </datafield>
  <datafield tag="041" ind1=" " ind2=" ">
    <subfield code="a">eng</subfield>
  </datafield>
  <datafield tag="080" ind1=" " ind2=" ">
    <subfield code="a">616.8-008.6 R-52</subfield>
  </datafield>
  <datafield tag="100" ind1="1" ind2=" ">
    <subfield code="a">Rief, Sandra F.</subfield>
    <subfield code="9">12086</subfield>
  </datafield>
  <datafield tag="245" ind1="1" ind2="4">
    <subfield code="a">The ADD/ADHD checklist  :</subfield>
    <subfield code="c">A Practical Reference for Parents and Teachers /</subfield>
    <subfield code="b">by Sandra F. Rief.</subfield>
  </datafield>
  <datafield tag="250" ind1=" " ind2=" ">
    <subfield code="a">2nd ed.</subfield>
  </datafield>
  <datafield tag="264" ind1=" " ind2=" ">
    <subfield code="a">San Francisco, CA :</subfield>
    <subfield code="b">Jossey-Bass,</subfield>
    <subfield code="c">2008.</subfield>
  </datafield>
  <datafield tag="300" ind1=" " ind2=" ">
    <subfield code="a">257 p. ;</subfield>
    <subfield code="c">23 cm.</subfield>
  </datafield>
  <datafield tag="653" ind1=" " ind2=" ">
    <subfield code="a">&#x10E7;&#x10E3;&#x10E0;&#x10D0;&#x10D3;&#x10E6;&#x10D4;&#x10D1;&#x10D8;&#x10E1; &#x10D3;&#x10D4;&#x10E4;&#x10D8;&#x10EA;&#x10D8;&#x10E2;&#x10D8;&#x10D7; &#x10D3;&#x10D0;&#x10E5;&#x10D5;&#x10D4;&#x10D8;&#x10D7;&#x10D4;&#x10D1;&#x10E3;&#x10DA;&#x10D8; &#x10D1;&#x10D0;&#x10D5;&#x10E8;&#x10D5;&#x10D4;&#x10D1;&#x10D8;</subfield>
  </datafield>
  <datafield tag="653" ind1=" " ind2=" ">
    <subfield code="a">&#x414;&#x435;&#x442;&#x438; &#x441; &#x441;&#x438;&#x43D;&#x434;&#x440;&#x43E;&#x43C;&#x43E;&#x43C; &#x434;&#x435;&#x444;&#x438;&#x446;&#x438;&#x442;&#x430; &#x432;&#x43D;&#x438;&#x43C;&#x430;&#x43D;&#x438;&#x44F;</subfield>
  </datafield>
  <datafield tag="856" ind1="4" ind2="1">
    <subfield code="3">Table of contents only</subfield>
    <subfield code="u">http://www.loc.gov/catdir/toc/ecip0811/2008006603.html</subfield>
  </datafield>
  <datafield tag="856" ind1="4" ind2="2">
    <subfield code="3">Publisher description</subfield>
    <subfield code="u">http://www.loc.gov/catdir/enhancements/fy0814/2008006603-d.html</subfield>
  </datafield>
  <datafield tag="942" ind1=" " ind2=" ">
    <subfield code="2">udc</subfield>
    <subfield code="c">BK</subfield>
  </datafield>
  <datafield tag="952" ind1=" " ind2=" ">
    <subfield code="0">0</subfield>
    <subfield code="1">0</subfield>
    <subfield code="2">udc</subfield>
    <subfield code="4">0</subfield>
    <subfield code="6">61680086_R52</subfield>
    <subfield code="7">0</subfield>
    <subfield code="9">90395</subfield>
    <subfield code="a">CPL</subfield>
    <subfield code="b">CPL</subfield>
    <subfield code="c">GEN</subfield>
    <subfield code="d">2021-06-18</subfield>
    <subfield code="g">55.00</subfield>
    <subfield code="o">616.8-008.6 R-52</subfield>
    <subfield code="p">61411</subfield>
    <subfield code="r">2021-06-18</subfield>
    <subfield code="t">61411</subfield>
    <subfield code="w">2021-06-18</subfield>
    <subfield code="y">BK</subfield>
    <subfield code="z">55 &#x10DA;.</subfield>
  </datafield>
</record>
